[Event "TUR-chT 2nd League"]
[Site "Denizli"]
[Date "2023.07.13"]
[Round "7.52"]
[White "Kirilmaz, Emre"]
[Black "Maden, Mirac Kerem"]
[Result "1-0"]
[WhiteElo "2190"]
[BlackElo "2119"]
[PlyCount "95"]
[EventDate "2023.07.09"]
[EventType "team-swiss"]
[EventRounds "9"]
[EventCountry "TUR"]
[SourceTitle "CBM 215 Extra"]
[Source "ChessBase"]
[SourceDate "2023.09.30"]
[SourceVersion "1"]
[SourceVersionDate "2023.09.30"]
[SourceQuality "1"]
[WhiteTeam "Eskiseh Tasci"]
[BlackTeam "Manisa Turkuaz"]
[WhiteTeamCountry "TUR"]
[BlackTeamCountry "TUR"]

1. d4 Nf6 2. c3 d5 3. Bg5 c6 4. e3 Qb6 5. Qb3 Bf5 6. Nd2 Nbd7 7. Ngf3 e6 8. Nh4 Bg4 9. h3 Bh5 10. g4 Bg6 11. Nxg6 hxg6 12. Bg2 Bd6 13. e4 dxe4 14. 0-0-0 Qc7 15. Kb1 Bf4 16. Bxf6 gxf6 17. Nxe4 f5 18. gxf5 gxf5 19. Nc5 0-0-0 20. Nxd7 Rxd7 21. h4 Rhd8 22. Qc2 Bh6 23. Qe2 Rg8 24. Rdg1 Rdd8 25. Qf3 Rg6 26. Bh3 Rdg8 27. Rxg6 Rxg6 28. h5 Rg7 29. c4 Qf4 30. Qxf4 Bxf4 31. Kc2 Kd7 32. d5 Bh6 33. dxc6+ Kxc6 34. b4 Rg5 35. Kb3 e5 36. c5 e4 37. Bf1 f4 38. Bc4 f5 39. Rd1 Rxh5 40. Bf7 Rh2 41. Bd5+ Kc7 42. Be6 a6 43. Rd7+ Kc6 44. Rd6+ Kc7 45. Rd7+ Kc6 46. Rh7 e3 47. Kc4 b5+ 48. Kd4 1-0

[Event "TUR-chT 2nd League"]
[Site "Denizli"]
[Date "2023.07.12"]
[Round "6.82"]
[White "Maden, Mirac Kerem"]
[Black "Gulenc, Ahmet Fazil"]
[Result "1-0"]
[WhiteElo "2119"]
[BlackElo "1771"]
[PlyCount "73"]
[EventDate "2023.07.09"]
[EventType "team-swiss"]
[EventRounds "9"]
[EventCountry "TUR"]
[SourceTitle "CBM 215 Extra"]
[Source "ChessBase"]
[SourceDate "2023.09.30"]
[SourceVersion "1"]
[SourceVersionDate "2023.09.30"]
[SourceQuality "1"]
[WhiteTeam "Manisa Turkuaz"]
[BlackTeam "Ordu Gul Bahcesi"]
[WhiteTeamCountry "TUR"]
[BlackTeamCountry "TUR"]

1. d4 d5 2. Nf3 Nf6 3. c4 c6 4. e3 Bg4 5. h3 Bh5 6. Bd3 e6 7. 0-0 Nbd7 8. b3 Bd6 9. Bb2 0-0 10. Nbd2 Bb4 11. Be2 a6 12. Ne5 Bxe2 13. Qxe2 Rc8 14. Rfd1 Bxd2 15. Qxd2 Ne4 16. Qe1 f6 17. Nd3 b5 18. cxd5 exd5 19. Rac1 a5 20. Rc2 Qb6 21. Rdc1 Rfe8 22. Nf4 Qa6 23. Qe2 Qb7 24. Qg4 g6 25. Nd3 Kg7 26. h4 h5 27. Qf4 Re6 28. Qh2 Qb8 29. Nf4 Rd6 30. f3 f5 31. fxe4 fxe4 32. Qg3 Kh7 33. Qg5 Nf8 34. Bc3 b4 35. Be1 Qb7 36. Bg3 Qd7 37. Rf1 1-0

[Event "TUR-chT 2nd League"]
[Site "Denizli"]
[Date "2023.07.09"]
[Round "1.73"]
[White "Maden, Mirac Kerem"]
[Black "Cil, Hasan"]
[Result "1-0"]
[WhiteElo "2119"]
[BlackElo "1755"]
[PlyCount "84"]
[EventDate "2023.07.09"]
[EventType "team-swiss"]
[EventRounds "9"]
[EventCountry "TUR"]
[SourceTitle "CBM 215 Extra"]
[Source "ChessBase"]
[SourceDate "2023.09.30"]
[SourceVersion "1"]
[SourceVersionDate "2023.09.30"]
[SourceQuality "1"]
[WhiteTeam "Manisa Turkuaz"]
[BlackTeam "Altin Hamle Corum"]
[WhiteTeamCountry "TUR"]
[BlackTeamCountry "TUR"]

1. Nf3 Nf6 2. g3 g6 3. Bg2 Bg7 4. 0-0 0-0 5. c4 c5 6. d4 cxd4 7. Nxd4 d5 8. cxd5 Nxd5 9. Nb5 Nb4 10. Qa4 N8c6 11. N1c3 Qa5 12. Bf4 Qxa4 13. Nxa4 e5 14. Bg5 h6 15. Bd2 Bg4 16. f3 Bc8 17. Rfd1 Nc2 18. Rac1 N2d4 19. Nxd4 Nxd4 20. e3 Be6 21. Kf2 Nc6 22. b3 e4 23. Nc5 exf3 24. Bxf3 Rac8 25. Bc3 Bxc3 26. Rxc3 Nd8 27. Rdc1 b6 28. Ne4 Rxc3 29. Rxc3 f5 30. Nd6 Nf7 31. Nb5 Rd8 32. Nd4 Rc8 33. Rxc8+ Bxc8 34. Nc6 Ba6 35. Bd5 Kg7 36. Bxf7 Kxf7 37. Nxa7 Ke6 38. Nc6 Bd3 39. Nd4+ Kd5 40. a4 Kc5 41. Kf3 g5 42. h4 Kb4 1-0

[Event "TUR-chT 1st League"]
[Site "Konya"]
[Date "2022.08.28"]
[Round "9.9"]
[White "Baltaci, Ismail Tarik"]
[Black "Maden, Mirac Kerem"]
[Result "0-1"]
[WhiteElo "2046"]
[BlackElo "2072"]
[PlyCount "122"]
[EventDate "2022.08.22"]
[EventType "team-swiss"]
[EventRounds "9"]
[EventCountry "TUR"]
[SourceTitle "CBM 209 Extra"]
[Source "ChessBase"]
[SourceDate "2022.09.30"]
[SourceVersion "1"]
[SourceVersionDate "2022.09.30"]
[SourceQuality "1"]
[WhiteTeam "Yalova Belediye"]
[BlackTeam "Bogazici Universitesi"]
[WhiteTeamCountry "TUR"]
[BlackTeamCountry "TUR"]

1. e4 e6 2. d3 d5 3. Nd2 c5 4. Ngf3 Nc6 5. g3 Bd6 6. Bg2 Nge7 7. 0-0 0-0 8. Re1 Ng6 9. h4 h6 10. b3 Qf6 11. Rb1 d4 12. Nc4 e5 13. h5 Nge7 14. Nh4 b5 15. Nxd6 Qxd6 16. f4 f6 17. Bd2 c4 18. bxc4 bxc4 19. Nf5 Nxf5 20. exf5 Bxf5 21. Qf3 Rac8 22. Rb7 c3 23. Bc1 Be6 24. f5 Rf7 25. Rb1 Bxa2 26. Ra1 e4 27. Qxe4 Re7 28. Bf4 Qc5 29. Qf3 Bf7 30. Rxe7 Nxe7 31. Qb7 a5 32. Rb1 Be8 33. Re1 Nxf5 34. Bd5+ Kh8 35. Be6 Rd8 36. Qc7 Qe7 37. Re4 Qxc7 38. Bxc7 Bc6 39. Bxd8 Bxe4 40. Bxa5 Bxd3 41. cxd3 Nxg3 42. Bg4 g6 43. hxg6 h5 44. Kg2 h4 45. Kf2 Kg7 46. Bd1 Kxg6 47. Bb6 Nf5 48. Ba4 Kg5 49. Kf3 h3 50. Bc7 Ne3 51. Bf4+ Kf5 52. Bd7+ Kg6 53. Ke2 f5 54. Bc6 Kh5 55. Bxe3 dxe3 56. Kxe3 f4+ 57. Ke2 Kg4 58. d4 h2 59. Be4 Kg3 60. d5 f3+ 61. Bxf3 c2 0-1

[Event "TUR-chT 1st League"]
[Site "Konya"]
[Date "2022.08.26"]
[Round "7.8"]
[White "Maden, Mirac Kerem"]
[Black "Abdisalimov, Abdimalik"]
[Result "0-1"]
[WhiteElo "2072"]
[BlackElo "2437"]
[PlyCount "56"]
[EventDate "2022.08.22"]
[EventType "team-swiss"]
[EventRounds "9"]
[EventCountry "TUR"]
[SourceTitle "CBM 209 Extra"]
[Source "ChessBase"]
[SourceDate "2022.09.30"]
[SourceVersion "1"]
[SourceVersionDate "2022.09.30"]
[SourceQuality "1"]
[WhiteTeam "Bogazici Universitesi"]
[BlackTeam "Varyant Genclik"]
[WhiteTeamCountry "TUR"]
[BlackTeamCountry "TUR"]

1. d4 Nf6 2. c4 e6 3. Nf3 c5 4. g3 cxd4 5. Nxd4 Qc7 6. Nc3 a6 7. Bg2 Qxc4 8. Bg5 Nc6 9. Nb3 Qg4 10. Bxf6 gxf6 11. 0-0 Be7 12. h3 Qg5 13. e4 0-0 14. Kh2 b5 15. f4 Qg7 16. a4 bxa4 17. Rxa4 Rb8 18. Rf2 Kh8 19. Rd2 Rg8 20. Ne2 Bb4 21. Rd3 a5 22. g4 Qh6 23. Rxd7 Bxd7 24. Qxd7 Nd8 25. Nxa5 Bxa5 26. Rxa5 Rxb2 27. Rh5 Qxh5 28. gxh5 Rxe2 0-1

[Event "TUR-chT 1st League"]
[Site "Konya"]
[Date "2022.08.25"]
[Round "6.10"]
[White "Oz, Ozan"]
[Black "Maden, Mirac Kerem"]
[Result "0-1"]
[WhiteElo "1881"]
[BlackElo "2072"]
[PlyCount "66"]
[EventDate "2022.08.22"]
[EventType "team-swiss"]
[EventRounds "9"]
[EventCountry "TUR"]
[SourceTitle "CBM 209 Extra"]
[Source "ChessBase"]
[SourceDate "2022.09.30"]
[SourceVersion "1"]
[SourceVersionDate "2022.09.30"]
[SourceQuality "1"]
[WhiteTeam "Denizli Metin Surmeli"]
[BlackTeam "Bogazici Universitesi"]
[WhiteTeamCountry "TUR"]
[BlackTeamCountry "TUR"]

1. e4 c6 2. d4 d5 3. Nc3 dxe4 4. Nxe4 Nf6 5. Nxf6+ exf6 6. Bc4 Bd6 7. Ne2 0-0 8. 0-0 Re8 9. h3 Nd7 10. Re1 Nf8 11. c3 Qc7 12. Be3 Be6 13. Qb3 Rad8 14. Rad1 f5 15. d5 cxd5 16. Bxd5 f4 17. Bxa7 f3 18. gxf3 Bxd5 19. Rxd5 Re6 20. Kf1 Rde8 21. Be3 Qc8 22. Ng1 Ng6 23. Red1 Bf4 24. Rd7 Bxe3 25. fxe3 Ne5 26. Rxb7 Nc4 27. Rbd7 Nxe3+ 28. Kf2 Qc5 29. R7d4 Qe5 30. f4 Nxd1+ 31. Qxd1 Qe3+ 32. Kg2 Rg6+ 33. Kh1 Rxg1+ 0-1

[Event "TUR-chT 1st League"]
[Site "Konya"]
[Date "2019.07.23"]
[Round "2.3"]
[White "Daneshvar, Bardiya"]
[Black "Maden, Mirac Kerem"]
[Result "1-0"]
[WhiteElo "2301"]
[BlackElo "2101"]
[PlyCount "103"]
[EventDate "2019.07.22"]
[EventType "team-swiss"]
[EventRounds "9"]
[EventCountry "TUR"]
[SourceTitle "CBM 191 Extra"]
[Source "ChessBase"]
[SourceDate "2019.09.30"]
[SourceVersion "1"]
[SourceVersionDate "2019.09.30"]
[SourceQuality "1"]
[WhiteTeam "Genc Akademisyenler"]
[BlackTeam "Manisa Turkuaz"]
[WhiteTeamCountry "TUR"]
[BlackTeamCountry "TUR"]

1. Nf3 Nf6 2. c4 e6 3. g3 b6 4. Bg2 Bb7 5. 0-0 Be7 6. Nc3 0-0 7. d4 Ne4 8. Qc2 Nxc3 9. Qxc3 c5 10. dxc5 bxc5 11. Rd1 Qb6 12. Qc2 d5 13. cxd5 exd5 14. Ng5 Bxg5 15. Bxg5 Nc6 16. b3 Nd4 17. Qb2 Ne6 18. Bd2 Rac8 19. Rac1 Rfd8 20. Bc3 Rd7 21. Qd2 d4 22. Ba5 Qa6 23. e4 h6 24. h4 Qd6 25. Re1 d3 26. Bc3 Ba6 27. Kh2 c4 28. e5 Qb6 29. Ba5 Qb5 30. bxc4 Rxc4 31. Rxc4 Qxc4 32. Rc1 Qd4 33. Bc6 Bb7 34. Bc3 Qc4 35. Bxd7 Qd5 36. f3 Qxd7 37. Rd1 Ba6 38. Qe3 Qa4 39. Rd2 Bb5 40. Rb2 a6 41. Bb4 Qd1 42. Rd2 Qb1 43. Bd6 Qa1 44. Ba3 Qc3 45. Bb2 Qc4 46. g4 Qxa2 47. f4 Qc4 48. Rf2 Nc5 49. e6 fxe6 50. Qe5 Kf8 51. Qxg7+ Ke8 52. Bf6 1-0

[Event "Manisa Rotary Club"]
[Site "Manisa"]
[Date "2019.01.31"]
[Round "6.5"]
[White "Maden, Mirac Kerem"]
[Black "Guseynov, Alihan"]
[Result "1/2-1/2"]
[WhiteElo "1933"]
[BlackElo "2346"]
[PlyCount "30"]
[EventDate "2019.01.28"]
[EventType "schev"]
[EventRounds "10"]
[EventCountry "TUR"]
[SourceTitle "CBM 188 Extra"]
[Source "ChessBase"]
[SourceDate "2019.02.26"]
[SourceVersion "1"]
[SourceVersionDate "2019.02.26"]
[SourceQuality "1"]
[WhiteTeam "Turkuaz"]
[BlackTeam "Eflatun"]
[WhiteTeamCountry "TUN"]
[BlackTeamCountry "TUR"]

1. Nf3 g6 2. g3 Bg7 3. Bg2 Nf6 4. 0-0 0-0 5. c4 d6 6. d4 c6 7. Nc3 Qa5 8. e4 Bg4 9. h3 Bxf3 10. Qxf3 Nfd7 11. Rd1 c5 12. d5 a6 13. Bd2 Qd8 14. Qe2 b5 15. cxb5 axb5 1/2-1/2

[Event "Manisa Rotary Club"]
[Site "Manisa"]
[Date "2019.01.29"]
[Round "3.3"]
[White "Sevdimaliyev, Urfan"]
[Black "Maden, Mirac Kerem"]
[Result "1/2-1/2"]
[WhiteElo "2379"]
[BlackElo "1933"]
[PlyCount "77"]
[EventDate "2019.01.28"]
[EventType "schev"]
[EventRounds "10"]
[EventCountry "TUR"]
[SourceTitle "CBM 188 Extra"]
[Source "ChessBase"]
[SourceDate "2019.02.26"]
[SourceVersion "1"]
[SourceVersionDate "2019.02.26"]
[SourceQuality "1"]
[WhiteTeam "Eflatun"]
[BlackTeam "Turkuaz"]
[WhiteTeamCountry "TUR"]
[BlackTeamCountry "TUN"]

1. e4 e6 2. d4 d5 3. Bd3 c5 4. exd5 Qxd5 5. Nc3 Qd8 6. d5 exd5 7. Nxd5 Nc6 8. Bc4 Nf6 9. Bg5 Be7 10. Nxe7 Qxe7+ 11. Qe2 Be6 12. Bxe6 Qxe6 13. Bxf6 gxf6 14. 0-0-0 Nd4 15. Qxe6+ fxe6 16. c3 Nc6 17. f4 Rd8 18. Re1 Kf7 19. Nf3 Ne7 20. Re4 h5 21. Rhe1 Rd6 22. Nd2 b5 23. Nb3 Rc8 24. Kc2 Nf5 25. g3 Rdc6 26. Rd1 Rd6 27. Rxd6 Nxd6 28. Re1 Nc4 29. Nd2 Nxd2 30. Kxd2 Rd8+ 31. Kc2 Rd6 32. h3 c4 33. Re3 Rd8 34. b3 Rg8 35. bxc4 bxc4 36. Kd2 f5 37. Ke1 Rb8 38. Kf2 Rb1 39. Re5 1/2-1/2

[Event "TUR-chT 1st League"]
[Site "Konya"]
[Date "2018.07.17"]
[Round "2.1"]
[White "Sahin, Doga Boran"]
[Black "Maden, Mirac Kerem"]
[Result "1/2-1/2"]
[WhiteElo "2059"]
[BlackElo "1958"]
[PlyCount "56"]
[EventDate "2018.07.16"]
[EventType "team-swiss"]
[EventRounds "9"]
[EventCountry "TUR"]
[SourceTitle "EXT 2019"]
[Source "ChessBase"]
[SourceDate "2018.10.10"]
[SourceVersion "1"]
[SourceVersionDate "2018.10.10"]
[SourceQuality "1"]
[WhiteTeam "Tatvan Egitimi"]
[BlackTeam "Manisa Turkuaz"]
[WhiteTeamCountry "TUR"]
[BlackTeamCountry "TUR"]

1. e4 e5 2. Nf3 Nc6 3. Bb5 a6 4. Ba4 Nf6 5. 0-0 Be7 6. Re1 b5 7. Bb3 0-0 8. h3 Bb7 9. d3 d5 10. exd5 Nxd5 11. Nxe5 Nd4 12. Nc3 Nb4 13. Be3 Nxb3 14. axb3 Bd6 15. d4 Bxe5 16. dxe5 Qxd1 17. Raxd1 Nxc2 18. Re2 Nxe3 19. Rxe3 Rfd8 20. Red3 Rxd3 21. Rxd3 Kf8 22. Rd7 Rc8 23. b4 Bc6 24. Rd1 Bb7 25. Rd7 Bc6 26. Rd1 Bb7 27. Rd7 Bc6 28. Rd1 Bb7 1/2-1/2

[Event "Cesme op 6th"]
[Site "Cesme"]
[Date "2018.06.26"]
[Round "1"]
[White "Rasulov, Vugar Ural Oglu"]
[Black "Maden, Mirac Kerem"]
[Result "1-0"]
[WhiteElo "2516"]
[BlackElo "1958"]
[PlyCount "91"]
[EventDate "2018.06.26"]
[EventType "swiss"]
[EventRounds "9"]
[EventCountry "TUR"]
[SourceTitle "CBM 185 Extra"]
[Source "ChessBase"]
[SourceDate "2018.07.29"]
[SourceVersion "1"]
[SourceVersionDate "2018.07.29"]
[SourceQuality "1"]

1. e4 g6 2. d4 Bg7 3. Nf3 d6 4. Bc4 Nf6 5. Qe2 c6 6. e5 Nd5 7. 0-0 0-0 8. h3 a5 9. a3 h6 10. Ba2 Be6 11. c4 Nc7 12. Nc3 d5 13. c5 Nd7 14. Bf4 b6 15. b4 Qb8 16. Qd2 axb4 17. axb4 bxc5 18. bxc5 g5 19. Bg3 Bf5 20. Nh2 Ra3 21. f4 gxf4 22. Bxf4 Bg6 23. Rf3 Kh7 24. h4 h5 25. g4 hxg4 26. Nxg4 Rg8 27. Bg5 Ne6 28. Raf1 Qb4 29. h5 Bf5 30. Rxf5 Qxd4+ 31. Qxd4 Nxd4 32. Rxf7 Rxc3 33. h6 Rg3+ 34. Kf2 Rxg4 35. Bb1+ Kh8 36. Bxe7 Rb8 37. Rxg7 Rb2+ 38. Ke3 Re2+ 39. Kd3 Nxe5+ 40. Kc3 Nb5+ 41. Kb3 Re3+ 42. Kb2 Rb4+ 43. Kc1 Rc4+ 44. Bc2 Nd3+ 45. Kd2 Rxc2+ 46. Kxe3 1-0

[Event "Kesan op 15th"]
[Site "Kesan"]
[Date "2017.08.16"]
[Round "6"]
[White "Maden, Mirac Kerem"]
[Black "Annaberdiyev, Babageldi"]
[Result "0-1"]
[WhiteElo "2014"]
[BlackElo "2223"]
[PlyCount "32"]
[EventDate "2017.08.13"]
[EventType "swiss"]
[EventRounds "9"]
[EventCountry "TUR"]
[SourceTitle "CBM 180 Extra"]
[Source "ChessBase"]
[SourceDate "2017.10.06"]
[SourceVersion "1"]
[SourceVersionDate "2017.10.06"]
[SourceQuality "1"]

1. d4 d5 2. Nf3 Nf6 3. c4 e6 4. g3 Bb4+ 5. Bd2 a5 6. Bg2 0-0 7. 0-0 Nc6 8. a3 Be7 9. Bc3 Ne4 10. Nbd2 f5 11. Qc2 Bd7 12. cxd5 exd5 13. Qb3 Be8 14. Ne5 a4 15. Qxb7 Rf6 16. Nef3 Nd6 0-1

[Event "Troya op 25th"]
[Site "Canakkale"]
[Date "2017.08.11"]
[Round "8"]
[White "Grigoriev, A."]
[Black "Maden, Mirac Kerem"]
[Result "1-0"]
[WhiteElo "2160"]
[BlackElo "2014"]
[PlyCount "99"]
[EventDate "2017.08.07"]
[EventType "swiss"]
[EventRounds "9"]
[EventCountry "TUR"]
[SourceTitle "CBM 179 Extra"]
[Source "ChessBase"]
[SourceDate "2017.08.23"]
[SourceVersion "1"]
[SourceVersionDate "2017.08.23"]
[SourceQuality "1"]

1. c4 e5 2. d3 Nf6 3. Nf3 Nc6 4. a3 g6 5. e3 Bg7 6. Be2 0-0 7. Nc3 d5 8. cxd5 Nxd5 9. Bd2 Nb6 10. b4 a6 11. Rc1 Bf5 12. Ne4 Bxe4 13. dxe4 Qe7 14. Qc2 Nc8 15. Bc4 N6a7 16. 0-0 Nd6 17. Bb3 Rac8 18. Rfd1 b6 19. Qb1 c5 20. bxc5 bxc5 21. Bd5 Rb8 22. Qd3 Ndb5 23. Ba5 Rfc8 24. a4 Nc7 25. Bxc7 Qxc7 26. Ng5 Rf8 27. Qxa6 h6 28. Nf3 Rfd8 29. Qc4 Bf8 30. h4 Bd6 31. Nd2 Nc8 32. a5 Rb4 33. Qa2 Na7 34. Nc4 Kg7 35. Qa1 f6 36. Qa2 Nb5 37. h5 gxh5 38. Qe2 Qe7 39. Qxh5 Bc7 40. a6 Na7 41. g3 Qe8 42. Qf3 Ra4 43. Qe2 Nb5 44. Ra1 Nc3 45. Qg4+ Kh7 46. Rdc1 Nxd5 47. exd5 Ra8 48. Rxa4 Qxa4 49. d6 Bd8 50. Qe4+ 1-0

[Event "Cesme op 5th"]
[Site "Cesme"]
[Date "2017.06.17"]
[Round "8"]
[White "Arman, Deniz"]
[Black "Maden, Mirac Kerem"]
[Result "0-1"]
[WhiteElo "2324"]
[BlackElo "1879"]
[PlyCount "114"]
[EventDate "2017.06.12"]
[EventType "swiss"]
[EventRounds "9"]
[EventCountry "TUR"]
[SourceTitle "CBM 178 Extra"]
[Source "ChessBase"]
[SourceDate "2017.06.22"]
[SourceVersion "1"]
[SourceVersionDate "2017.06.22"]
[SourceQuality "1"]

1. d4 Nf6 2. Nf3 e6 3. Bf4 c5 4. Nc3 d5 5. e3 Be7 6. Bd3 c4 7. Be2 Bd7 8. Ne5 b5 9. Bf3 b4 10. Ne2 Nc6 11. g4 h6 12. h4 Qa5 13. Kf1 Qb6 14. Kg2 Bc8 15. Ng3 Nd7 16. Nh5 Ncxe5 17. Bxe5 f6 18. Bg3 0-0 19. Nf4 Bb7 20. Ng6 Rfe8 21. g5 Kh7 22. Bh5 Nf8 23. gxh6 Nxg6 24. Qg4 Nxh4+ 25. Rxh4 g5 26. Bg6+ Kh8 27. Bxe8 Rxe8 28. Rh5 Kh7 29. Qe2 Rg8 30. c3 Bc6 31. f4 Be8 32. fxg5 f5 33. Rh2 Bxg5 34. Kf2 Qa5 35. cxb4 Qxb4 36. a3 Bxe3+ 37. Kf1 Rxg3 38. Qxe3 Qd6 39. Qe5 Qxe5 40. dxe5 Rb3 41. Rc1 d4 42. Ke1 Bb5 43. Rcc2 Re3+ 44. Kd2 Rxe5 45. Rc1 Rc5 46. Rh3 e5 47. Rg1 Rc7 48. Rhg3 e4 49. Rg7+ Rxg7 50. hxg7 Kg8 51. Ke2 c3+ 52. Kd1 d3 53. bxc3 e3 54. Kc1 d2+ 55. Kc2 Ba4+ 56. Kd3 f4 57. Ke2 a6 0-1

[Event "Cesme op 5th"]
[Site "Cesme"]
[Date "2017.06.13"]
[Round "2"]
[White "Maden, Mirac Kerem"]
[Black "Morchiashvili, Bachana"]
[Result "1-0"]
[WhiteElo "1879"]
[BlackElo "2403"]
[PlyCount "55"]
[EventDate "2017.06.12"]
[EventType "swiss"]
[EventRounds "9"]
[EventCountry "TUR"]
[SourceTitle "CBM 178 Extra"]
[Source "ChessBase"]
[SourceDate "2017.06.22"]
[SourceVersion "1"]
[SourceVersionDate "2017.06.22"]
[SourceQuality "1"]

1. d4 Nf6 2. c4 g6 3. g3 Bg7 4. Bg2 0-0 5. Nf3 d6 6. 0-0 Nbd7 7. Qc2 e5 8. Rd1 Re8 9. e4 c6 10. Nc3 exd4 11. Nxd4 Ne5 12. b3 Bg4 13. Nce2 c5 14. Nb5 Nf3+ 15. Bxf3 Bxf3 16. Nxd6 Re6 17. Nxf7 Qe7 18. Ng5 Bxe4 19. Nxe4 Nxe4 20. Nf4 Nxf2 21. Qxf2 Bxa1 22. Nxe6 Qxe6 23. Qxc5 Kh8 24. Qd6 Qf7 25. Bh6 Bg7 26. Qd8+ Qe8 27. Bxg7+ Kxg7 28. Rd7+ 1-0

[Event "TUR-chT2"]
[Site "Konya"]
[Date "2015.07.25"]
[Round "1.3"]
[White "Uygun, Umut Unal"]
[Black "Maden, Mirac Kerem"]
[Result "1-0"]
[WhiteElo "1734"]
[BlackElo "1733"]
[PlyCount "115"]
[EventDate "2015.07.25"]
[EventType "team-swiss"]
[EventRounds "9"]
[EventCountry "TUR"]
[SourceTitle "CBM 167 Extra"]
[Source "ChessBase"]
[SourceDate "2015.09.14"]
[SourceVersion "1"]
[SourceVersionDate "2015.09.14"]
[SourceQuality "1"]
[WhiteTeam "Antalya Deniz Genclik"]
[BlackTeam "Canakkale Gokceada"]
[WhiteTeamCountry "TUR"]
[BlackTeamCountry "TUR"]

1. e4 e5 2. Nf3 Nc6 3. Nc3 Nf6 4. Bb5 Nd4 5. Nxd4 exd4 6. e5 dxc3 7. exf6 Qxf6 8. dxc3 Bc5 9. 0-0 0-0 10. Bd3 d6 11. a4 a5 12. Bd2 Bf5 13. Qf3 Bxd3 14. Qxf6 gxf6 15. cxd3 Rfe8 16. Rfe1 Kg7 17. Bf4 Bb6 18. Kf1 Re6 19. d4 Rae8 20. d5 Re4 21. f3 R4e7 22. Rxe7 Rxe7 23. Re1 Kf8 24. Rxe7 Kxe7 25. Ke2 c6 26. c4 cxd5 27. cxd5 Bd4 28. Bc1 Kd7 29. Kd3 Bg1 30. Bf4 f5 31. h3 Bf2 32. Be3 Bh4 33. Bb6 Be1 34. Kc4 Ke7 35. Bd4 Bg3 36. Kb5 Be5 37. Bc3 Kd7 38. Kxa5 Kc7 39. Kb5 Bf4 40. Ba5+ Kc8 41. Bb6 Bc1 42. b4 f4 43. Kc4 Bd2 44. Bd4 f5 45. Bc3 Be3 46. Kd3 Bf2 47. Bd2 Bg3 48. Ke2 Kc7 49. Be1 Bh2 50. Bf2 Kd7 51. a5 Kc7 52. b5 Kb8 53. Kd3 Kc7 54. Kc4 Kb8 55. a6 bxa6 56. bxa6 Kc7 57. Kb5 h6 58. Bb6+ 1-0